000
00253nam a2200109 4500
082
_a
BAN
100
_a
Bansal, S.P.
245
_a
Management of Hydro-Electric Power
260
_a
India:
_b
Deep and Deep Publishers,
_c
1994.
300
_a
214p. ;
942
_c
BK
999
_c
8805
_d
8805